[Event "Plzen, FSB A"]
[Site "?"]
[Date "2003.??.??"]
[Round "2.42"]
[White "Kovarik, J."]
[Black "Horak, J."]
[Result "0-1"]
[WhiteElo "2007"]
[BlackElo "2138"]
[PlyCount "76"]
[EventDate "2003.??.??"]
[Source "ChessBase"]
[SourceDate "1996.11.15"]

1. e4 c5 2. Nf3 Nc6 3. d4 cxd4 4. Nxd4 Nf6 5. Nc3 e5 6. Ndb5 d6 7. Nd5 Nxd5 8.
exd5 Ne7 9. c4 Nf5 10. Bd3 Be7 11. Qc2 g6 12. O-O O-O 13. f4 a6 14. Nc3 Nd4 15.
Qf2 f5 16. Be3 Bf6 17. fxe5 dxe5 18. Bxd4 exd4 19. Ne2 Qb6 20. b3 Re8 21. Rad1
Re3 22. Bb1 Rxe2 23. Qxe2 d3+ 24. Qf2 Bd4 25. Bxd3 Bxf2+ 26. Rxf2 Bd7 27. Kf1
Re8 28. Rc2 Qc5 29. Be2 g5 30. Bd3 f4 31. h3 f3 32. Rf2 fxg2+ 33. Kxg2 Bxh3+
34. Kg3 Re3+ 35. Rf3 Rxf3+ 36. Kxf3 Qf8+ 37. Kg3 Qf4+ 38. Kxh3 Qf3+ 0-1

[Event "Plzen, FSB A"]
[Site "?"]
[Date "2003.??.??"]
[Round "2.44"]
[White "Kovar, J."]
[Black "Huisman, H."]
[Result "1-0"]
[WhiteElo "1922"]
[BlackElo "2135"]
[PlyCount "77"]
[EventDate "2003.??.??"]
[Source "ChessBase"]
[SourceDate "1996.11.15"]

1. e4 c5 2. Nf3 e6 3. g3 Nc6 4. Bg2 Qc7 5. O-O Nf6 6. d3 Be7 7. c4 a6 8. Nc3
Rb8 9. a4 O-O 10. Ne1 Nd4 11. Be3 Qb6 12. Rb1 d6 13. b4 Qc7 14. b5 axb5 15.
axb5 e5 16. h3 Be6 17. f4 Ra8 18. f5 Bd7 19. g4 Ra3 20. Ne2 Nxe2+ 21. Qxe2 Rfa8
22. Rb2 Ne8 23. g5 f6 24. h4 Qd8 25. Qh5 Bf8 26. Qe2 Be7 27. Nf3 Ra1 28. Qf2
Rxf1+ 29. Bxf1 Nc7 30. Qg3 Ra1 31. Rg2 Kh8 32. h5 fxg5 33. Nxg5 Qf8 34. Nf3 Bf6
35. Nh4 Be8 36. h6 gxh6 37. Bxh6 Qf7 38. Nf3 b6 39. Nh2 1-0

[Event "Plzen, FSB A"]
[Site "?"]
[Date "2003.??.??"]
[Round "2.45"]
[White "Ondrejat, M."]
[Black "Snaidr, J."]
[Result "1-0"]
[WhiteElo "2133"]
[BlackElo "2063"]
[PlyCount "97"]
[EventDate "2003.??.??"]
[Source "ChessBase"]
[SourceDate "1996.11.15"]

1. d4 d5 2. Nf3 Nf6 3. Bg5 e6 4. e3 Nbd7 5. Bd3 Be7 6. O-O O-O 7. c4 h6 8. Bh4
b6 9. cxd5 exd5 10. Nc3 Bb7 11. Rc1 c5 12. Re1 Ne4 13. Bxe7 Qxe7 14. Bf1 Nxc3
15. Rxc3 Rfd8 16. b3 Rac8 17. Qc1 Qf6 18. Bd3 a6 19. Bb1 Re8 20. Rd1 g6 21. Qd2
Qe6 22. dxc5 bxc5 23. Rdc1 Qd6 24. Bd3 d4 25. exd4 Bxf3 26. dxc5 Rxc5 27. gxf3
Rg5+ 28. Kh1 Rh5 29. f4 Qd5+ 30. Kg1 Rh4 31. Qd1 Rxf4 32. Bxa6 Qe6 33. Bc4 Qf5
34. f3 Ne5 35. Be2 Qg5+ 36. Kh1 Rh4 37. Qg1 Qf4 38. R1c2 Kg7 39. Bd1 Rd8 40.
Be2 Rh3 41. Qg2 Rh5 42. Bf1 Rd1 43. Qe2 {#} Rd4 (43... Ng4 $1 44. Qxd1 (44. Kg1
Qd4+ 45. Kg2 Rxh2+ $19) 44... Rxh2+ 45. Kg1 Qg3+ 46. Rg2 (46. Bg2 Rh1+ 47. Kxh1
Qh2#) 46... Qh4) 44. Qe3 Qh4 45. Rc5 Rd1 46. Kg1 Rg5+ (46... Qh3 $19) 47. Rg2
Re1 48. Qf2 Qxf2+ 49. Kxf2 $138 1-0

[Event "Plzen, FSB A"]
[Site "?"]
[Date "2003.??.??"]
[Round "2.46"]
[White "Jaros, M."]
[Black "Postupa, P."]
[Result "1-0"]
[WhiteElo "1997"]
[BlackElo "2132"]
[PlyCount "51"]
[EventDate "2003.??.??"]
[Source "ChessBase"]
[SourceDate "1996.11.15"]

1. e4 c5 2. c3 Nc6 3. d4 cxd4 4. cxd4 d5 5. exd5 Qxd5 6. Nf3 Bg4 7. Be2 e6 8.
Nc3 Bb4 9. O-O Qa5 10. a3 Bxc3 11. bxc3 Bxf3 12. Bxf3 Qxc3 13. Rb1 Nge7 14. d5
exd5 15. Bb2 Qc5 16. Bxg7 Rg8 17. Ba1 O-O-O 18. Qb3 Na5 19. Qb2 Nec6 20. Rfc1
Qe7 21. Qb5 Nc4 22. Bf6 Qc7 23. Bxd8 Rxd8 24. Qa4 Kb8 25. Rxc4 dxc4 26. Bxc6
1-0

[Event "Plzen, FSB A"]
[Site "?"]
[Date "2003.??.??"]
[Round "2.48"]
[White "Hasek, P."]
[Black "Bartonicek sr., Z."]
[Result "1/2-1/2"]
[WhiteElo "1934"]
[BlackElo "2127"]
[PlyCount "98"]
[EventDate "2003.??.??"]
[Source "ChessBase"]
[SourceDate "1996.11.15"]

1. e4 c5 2. Nf3 Nc6 3. Bb5 g6 4. Bxc6 bxc6 5. O-O Bg7 6. d3 Nf6 7. Nc3 O-O 8.
h3 d6 9. e5 Nd5 10. exd6 exd6 11. Ne4 Bf5 12. c4 Nb6 13. Qc2 Rc8 14. Ng3 Qd7
15. Nh4 Be6 16. Rb1 d5 17. b3 f5 18. f4 Rfe8 19. Nf3 Qc7 20. Bd2 Bf7 21. Rbe1
Nd7 22. Bc1 Bh6 23. Ne2 Re7 24. g3 d4 25. Kg2 Rce8 26. Neg1 Bg7 27. Rxe7 Rxe7
28. Re1 Nf8 29. Rxe7 Qxe7 30. Qe2 Qc7 31. Ne1 Ne6 32. Ngf3 h6 33. h4 Bf6 34.
Ne5 Qe7 35. Kf2 Qd6 36. N1f3 Kg7 37. Bd2 Nc7 38. Qe1 Na6 39. a3 Nb8 40. b4 cxb4
41. axb4 c5 42. bxc5 Qxc5 43. Qa1 Nc6 44. Nxc6 Qxc6 45. Qxa7 Qd6 46. c5 Qd5 47.
Qc7 Kf8 48. c6 Be8 49. Ne5 Bxe5 1/2-1/2

[Event "Plzen, FSB A"]
[Site "?"]
[Date "2003.??.??"]
[Round "2.49"]
[White "Jirasek, P."]
[Black "Szarowski, D."]
[Result "1-0"]
[WhiteElo "2126"]
[BlackElo "1930"]
[PlyCount "113"]
[EventDate "2003.??.??"]
[Source "ChessBase"]
[SourceDate "1996.11.15"]

1. e4 e5 2. Nc3 Nf6 3. f4 d6 4. Nf3 Nc6 5. Bc4 Be7 6. d3 O-O 7. f5 a6 8. a3 Nb8
9. Bg5 b5 10. Bb3 Bb7 11. Qd2 Nbd7 12. O-O-O c5 13. g4 c4 14. dxc4 Nc5 15. Bxf6
gxf6 16. cxb5 Nxb3+ 17. cxb3 axb5 18. Nd5 Bxd5 19. Qxd5 Qb6 20. Ne1 b4 21. a4
Qc5+ 22. Qxc5 dxc5 23. Rd7 Rfe8 24. Nc2 c4 25. bxc4 b3 26. Ne3 Rxa4 27. Kd2
Bb4+ 28. Kd3 Bc5 29. Nd5 Kg7 30. Rb7 Bd4 31. Rxb3 Rc8 32. Rc1 Ra2 33. Nc3 Ra6
34. Nb5 Bc5 35. Nc3 Bd4 36. Rb7 Rca8 37. Ne2 Bc5 38. Rb5 Rd8+ 39. Kc2 Be3 40.
Rd1 Rc8 41. Kc3 Rc7 42. Rd3 Bf2 43. Rd1 Kh6 44. Rb8 Ra4 45. Rb4 Ra8 46. Kb3 Kg5
47. h3 Kh4 48. Rd3 Ra1 49. Rb8 Re1 50. Nc3 Bd4 51. Rh8 Rb7+ 52. Kc2 Kg5 53.
Rxh7 Kf4 54. Nd5+ Kxe4 55. Nxf6+ Kf4 56. Nd5+ Kg5 57. Rh5# 1-0

[Event "Plzen, FSB A"]
[Site "?"]
[Date "2003.??.??"]
[Round "2.50"]
[White "Pravdik, K."]
[Black "Novacek, K."]
[Result "1-0"]
[WhiteElo "1893"]
[BlackElo "2116"]
[PlyCount "79"]
[EventDate "2003.??.??"]
[Source "ChessBase"]
[SourceDate "1996.11.15"]

1. e4 c5 2. Nf3 Nc6 3. d4 cxd4 4. Nxd4 Nf6 5. Nc3 e5 6. Ndb5 d6 7. Bg5 a6 8.
Na3 b5 9. Nd5 Be7 10. Bxf6 Bxf6 11. c3 O-O 12. Nc2 Bg5 13. a4 bxa4 14. Rxa4 Nb8
15. Bc4 Nd7 16. b4 Nb6 17. Nxb6 Qxb6 18. Qd3 Kh8 19. O-O f5 20. Bd5 Ra7 21.
exf5 Bxf5 22. Qe2 a5 23. Ne3 Bd7 24. Ra2 axb4 25. Rxa7 Qxa7 26. cxb4 Qd4 27.
Bc4 Bxe3 28. fxe3 Rxf1+ 29. Kxf1 Qe4 30. Qd3 Bc6 31. Qxe4 Bxe4 32. b5 Bb7 33.
Be6 Be4 34. Bd7 d5 35. Bc6 Bd3+ 36. Kf2 d4 37. b6 dxe3+ 38. Kxe3 Ba6 39. b7
Bxb7 40. Bxb7 1-0

[Event "Plzen, FSB A"]
[Site "?"]
[Date "2003.??.??"]
[Round "2.51"]
[White "Pokrupa, M."]
[Black "Miskolczi, V."]
[Result "1-0"]
[WhiteElo "2115"]
[BlackElo "2019"]
[PlyCount "33"]
[EventDate "2003.??.??"]
[Source "ChessBase"]
[SourceDate "1996.11.15"]

1. e4 d5 2. exd5 Qxd5 3. Nf3 Nf6 4. d4 Bg4 5. Be2 Nc6 6. h3 Qh5 7. O-O O-O-O 8.
hxg4 Nxg4 9. Bf4 e6 10. Ne5 Qf5 11. Bxg4 Qxf4 12. Nxc6 bxc6 13. c3 h5 14. Bh3
h4 15. Qf3 Qg5 16. Na3 Rh6 17. Qxc6 1-0

[Event "Plzen, FSB A"]
[Site "?"]
[Date "2003.??.??"]
[Round "2.52"]
[White "Postupa, P."]
[Black "Beneteau, H."]
[Result "0-1"]
[WhiteElo "1863"]
[BlackElo "2109"]
[PlyCount "126"]
[EventDate "2003.??.??"]
[Source "ChessBase"]
[SourceDate "1996.11.15"]

1. e4 c5 2. Nf3 e6 3. d4 cxd4 4. Nxd4 Nf6 5. Nc3 Nc6 6. Be2 Bb4 7. Qd3 Ne5 8.
Qg3 Ng6 9. Bd3 d5 10. exd5 Qxd5 11. Nde2 Ne4 12. Bxe4 Qxe4 13. O-O Qe5 14. Qxe5
Nxe5 15. Nb5 O-O 16. Bf4 Ng6 17. Bd6 Bxd6 18. Nxd6 Bd7 19. Rfd1 e5 20. Rd2 Bc6
21. f3 f5 22. c4 Nh4 23. Kf2 Rf6 24. b4 Rg6 25. Rg1 Rd8 26. c5 a6 27. Nc4 Re8
28. Nd6 Rd8 29. Nc4 Re8 30. Nd6 Rf8 31. a3 e4 32. Nf4 Rgf6 33. Nd5 Re6 34. Nf4
Re7 35. Nd5 Re5 36. Rgd1 exf3 37. gxf3 f4 38. Rd4 Ng6 39. R1d3 Rh5 40. Kg1 Ne5
41. Rc3 Ng6 42. Rcd3 Ne5 43. Rc3 Ng6 44. Rcd3 Rg5+ 45. Kf2 Ne5 46. Rc3 Ng6 47.
Rcd3 Rh5 48. Kg1 h6 49. Kg2 Nh4+ 50. Kf2 g5 51. Ne7+ Kh8 52. Nxc6 bxc6 53. Re4
Ng6 54. Kg1 Rh3 55. Re6 Nh4 56. Rxh6+ Kg7 57. Re6 Nxf3+ 58. Kg2 g4 59. Kf2
Rxh2+ 60. Kf1 Rh1+ 61. Kf2 Ng5 62. Ne4 Nxe6 63. Rd7+ Kh8 0-1

[Event "Plzen, FSB A"]
[Site "?"]
[Date "2003.??.??"]
[Round "2.53"]
[White "Novy, V."]
[Black "Toman, J."]
[Result "1/2-1/2"]
[WhiteElo "2107"]
[BlackElo "1940"]
[PlyCount "54"]
[EventDate "2003.??.??"]
[Source "ChessBase"]
[SourceDate "1996.11.15"]

1. e4 c5 2. Nf3 Nc6 3. Bb5 g6 4. O-O Bg7 5. Re1 a6 6. Bf1 d6 7. h3 Nf6 8. c3
O-O 9. d4 b5 10. Bf4 Nh5 11. Bh2 cxd4 12. cxd4 Qb6 13. g4 Nf6 14. Nc3 h5 15. e5
dxe5 16. dxe5 Rd8 17. Qc1 Nh7 18. gxh5 gxh5 19. Qf4 Be6 20. Bg2 Rac8 21. Ne4
Nb4 22. Neg5 Nc2 23. Qe4 Nxg5 24. Nxg5 Nxe1 25. Rxe1 Rd2 26. Kh1 Rxf2 27. Bg1
Bf5 1/2-1/2

[Event "Plzen, FSB A"]
[Site "?"]
[Date "2003.??.??"]
[Round "2.54"]
[White "Kratochvil, M."]
[Black "Beran, B."]
[Result "0-1"]
[WhiteElo "2102"]
[BlackElo "1935"]
[PlyCount "117"]
[EventDate "2003.??.??"]
[Source "ChessBase"]
[SourceDate "1996.11.15"]

1. d4 d5 2. c4 c6 3. Nf3 Nf6 4. Nc3 Bf5 5. e3 e6 6. Nh4 Bg6 7. Qb3 Qc7 8. g3
Be7 9. Bg2 Nbd7 10. Nxg6 hxg6 11. Bd2 a6 12. h3 b5 13. cxd5 cxd5 14. O-O Nb6
15. Rfc1 Qd7 16. Be1 Nc4 17. a4 b4 18. Ne2 a5 19. Nf4 Rc8 20. Bf1 g5 21. Nd3
Kf8 22. Qd1 Bd6 23. b3 Nb6 24. Rxc8+ Nxc8 25. Rc1 Ne7 26. Ne5 Qd8 27. Qc2 g6
28. Nc6 Nxc6 29. Qxc6 Kg7 30. Qa6 Ne4 31. Rc6 Bb8 32. Kg2 g4 33. hxg4 Ng5 34.
f4 Ne4 35. Kf3 Nd6 36. Rc2 Rh1 37. Rg2 Ne4 38. Qd3 Qh8 39. Ke2 Qh3 40. Kd1
Qxg4+ 41. Qe2 Qf5 42. Qd3 Qh5+ 43. g4 Qh8 44. Qe2 Qc8 45. Rh2 Nc3+ 46. Bxc3
Rxh2 47. Qxh2 Qxc3 48. Qd2 Qxb3+ 49. Ke2 Qxa4 50. Kf3 Qa1 51. Bd3 Qh1+ 52. Kg3
g5 53. Bc2 Qh4+ 54. Kf3 Qh3+ 55. Kf2 Qh4+ 56. Ke2 gxf4 57. exf4 Bxf4 58. Qd3
Qxg4+ 59. Kf2 0-1

[Event "Plzen, FSB A"]
[Site "?"]
[Date "2003.??.??"]
[Round "2.55"]
[White "Krejcova, K."]
[Black "Priborsky, I."]
[Result "0-1"]
[WhiteElo "1848"]
[BlackElo "2100"]
[PlyCount "54"]
[EventDate "2003.??.??"]
[Source "ChessBase"]
[SourceDate "1996.11.15"]

1. e4 g6 2. d4 Bg7 3. f4 d6 4. Be2 c5 5. Nf3 cxd4 6. Nxd4 Nc6 7. Nb3 a5 8. a4
Nf6 9. Nc3 Qb6 10. g4 h6 11. g5 hxg5 12. fxg5 Rxh2 13. Rf1 Nd7 14. Bf4 Bxc3+
15. bxc3 Rh7 16. Nd4 Nde5 17. Nb5 Be6 18. Rb1 Qd8 19. Be3 Qd7 20. Bb6 Rc8 21.
Nd4 Bc4 22. Bd3 Rh3 23. Nf3 Nxf3+ 24. Rxf3 Ne5 25. Rxh3 Qxh3 26. Bxa5 Qe3+ 27.
Kf1 Nxd3 0-1

[Event "Plzen, FSB A"]
[Site "?"]
[Date "2003.??.??"]
[Round "2.56"]
[White "Cichy, M."]
[Black "Kubik, J."]
[Result "1/2-1/2"]
[WhiteElo "2097"]
[BlackElo "1863"]
[PlyCount "97"]
[EventDate "2003.??.??"]
[Source "ChessBase"]
[SourceDate "1996.11.15"]

1. e4 e5 2. Bc4 Nf6 3. Qe2 Nc6 4. Nf3 Bc5 5. c3 O-O 6. Bb3 d6 7. d3 d5 8. h3
dxe4 9. dxe4 a6 10. Bg5 h6 11. Bh4 Qe7 12. Nbd2 Be6 13. g4 Bxb3 14. axb3 b5 15.
O-O Qe6 16. Bg3 g5 17. Ra2 Bd6 18. Rfa1 Nb8 19. c4 c6 20. cxb5 cxb5 21. Ra5
Nfd7 22. Rxb5 Nc6 23. Rd5 Nb4 24. Rda5 Bc7 25. R5a4 Rab8 26. Rc1 Rfc8 27. Raa1
Bd6 28. Nc4 f6 29. Nxd6 Qxd6 30. Rxc8+ Rxc8 31. Rd1 Qe7 32. Qd2 Nf8 33. Ne1 Ne6
34. Nd3 Nxd3 35. Qxd3 Rd8 36. Qe2 Rxd1+ 37. Qxd1 Nd4 38. Qd3 Qb7 39. f3 Qxb3
40. Qxb3+ Nxb3 41. Be1 Nd4 42. Kf2 Kf7 43. Bc3 Nb5 44. Bb4 Nd4 45. Bc5 Ne6 46.
Be3 Nd4 47. Bd2 Nc6 48. Ke3 Nd4 49. Kf2 1/2-1/2

[Event "Plzen, FSB A"]
[Site "?"]
[Date "2003.??.??"]
[Round "2.57"]
[White "Letourneur, A."]
[Black "Kriz, L."]
[Result "0-1"]
[WhiteElo "1830"]
[BlackElo "2097"]
[PlyCount "78"]
[EventDate "2003.??.??"]
[Source "ChessBase"]
[SourceDate "1996.11.15"]

1. e4 c5 2. Nc3 e6 3. g3 d5 4. exd5 exd5 5. Bg2 d4 6. Ne4 f5 7. d3 Qe7 8. Bg5
Nf6 9. Bxf6 gxf6 10. Bh3 Kd8 11. Qe2 fxe4 12. Bxc8 Kxc8 13. dxe4 Bh6 14. Nf3
Re8 15. Nd2 Bxd2+ 16. Kxd2 Qxe4 17. Qh5 Re5 18. Qd1 Nc6 19. Re1 Qxe1+ 20. Qxe1
Rxe1 21. Rxe1 Kd7 22. Re4 Re8 23. Rh4 Re7 24. f4 Nb4 25. a3 Nd5 26. Rh5 Kd6 27.
Kd3 Ne3 28. Rh6 c4+ 29. Kd2 Rf7 30. Rh5 f5 31. c3 Kd5 32. cxd4 Kxd4 33. Rh6 Rd7
34. Ke2 Re7 35. Kd2 Ng4 36. Rh5 Ke4 37. h3 Ne3 38. Ke2 Nc2 39. Kd2 Nd4 0-1

[Event "Plzen, FSB A"]
[Site "?"]
[Date "2003.??.??"]
[Round "3.1"]
[White "Kalod, R."]
[Black "Fedorchuk, S."]
[Result "1/2-1/2"]
[WhiteElo "2435"]
[BlackElo "2557"]
[PlyCount "28"]
[EventDate "2003.??.??"]
[Source "ChessBase"]
[SourceDate "1996.11.15"]

1. e4 e5 2. Nf3 Nc6 3. Bb5 a6 4. Ba4 Nf6 5. O-O b5 6. Bb3 Bc5 7. c3 d6 8. d4
Bb6 9. a4 Bb7 10. Bg5 h6 11. Bxf6 Qxf6 12. Bd5 O-O 13. Na3 Rfb8 14. Nc2 exd4
1/2-1/2

[Event "Plzen, FSB A"]
[Site "?"]
[Date "2003.??.??"]
[Round "3.2"]
[White "Haba, P."]
[Black "Klima, L."]
[Result "1/2-1/2"]
[WhiteElo "2502"]
[BlackElo "2425"]
[PlyCount "73"]
[EventDate "2003.??.??"]
[Source "ChessBase"]
[SourceDate "1996.11.15"]

1. e4 c5 2. Nf3 Nc6 3. d4 cxd4 4. Nxd4 Nf6 5. Nc3 e5 6. Ndb5 d6 7. Bg5 a6 8.
Na3 b5 9. Nd5 Be7 10. Bxf6 Bxf6 11. c3 Bg5 12. Nc2 O-O 13. a4 bxa4 14. Rxa4 a5
15. Bc4 Rb8 16. Ra2 Kh8 17. O-O g6 18. Kh1 f5 19. exf5 gxf5 20. f4 Bh6 21. Qh5
Bg7 22. Nce3 Be6 23. h3 Ne7 24. Nxe7 Qxe7 25. Bxe6 Qxe6 26. Rxa5 Rxb2 27. fxe5
Bxe5 28. Ra7 Qg8 29. Re7 Ra2 30. Rxe5 dxe5 31. Rxf5 Rxf5 32. Qxf5 Qg3 33. Qf8+
Qg8 34. Qf6+ Qg7 35. Qd8+ Qg8 36. Qf6+ Qg7 37. Qd8+ 1/2-1/2

[Event "Plzen, FSB A"]
[Site "?"]
[Date "2003.??.??"]
[Round "3.3"]
[White "Polak, T."]
[Black "Gross, S."]
[Result "1/2-1/2"]
[WhiteElo "2473"]
[BlackElo "2328"]
[PlyCount "102"]
[EventDate "2003.??.??"]
[Source "ChessBase"]
[SourceDate "1996.11.15"]

1. d4 Nf6 2. c4 g6 3. Nc3 d5 4. Nf3 Bg7 5. cxd5 Nxd5 6. e4 Nxc3 7. bxc3 c5 8.
Rb1 O-O 9. Be2 b6 10. O-O Bb7 11. Qd3 Ba6 12. Qe3 cxd4 13. cxd4 Qd7 14. Ba3 Rc8
15. Bxa6 Nxa6 16. Qe2 Qb7 17. Rfd1 e6 18. h4 Nc7 19. Ne5 f6 20. Ng4 f5 21. exf5
exf5 22. Ne3 f4 23. Nc4 f3 24. Qe3 Qd5 25. Qb3 fxg2 26. Ne3 Qxb3 27. Rxb3 Ne6
28. Rbd3 Nf4 29. R3d2 Bf6 30. Bd6 Ne6 31. d5 Nc5 32. Bxc5 Rxc5 33. h5 gxh5 34.
Kxg2 Kf7 35. Kf3 Rd8 36. Rd3 Ra5 37. R1d2 Ra4 38. Rc2 Rd7 39. Rd1 Be5 40. Nc4
Bf6 41. Ne3 Rd4 42. Rxd4 Bxd4 43. Ke4 Bc5 44. Nf5 Kf6 45. f3 Rd8 46. Rh2 Re8+
47. Kf4 Re5 48. Rxh5 Rxd5 49. Rh6+ Kf7 50. Rxh7+ Kf6 51. Rh6+ Kf7 1/2-1/2

[Event "Plzen, FSB A"]
[Site "?"]
[Date "2003.??.??"]
[Round "3.4"]
[White "Konopka, M."]
[Black "Cvek, R."]
[Result "1/2-1/2"]
[WhiteElo "2428"]
[BlackElo "2471"]
[PlyCount "43"]
[EventDate "2003.??.??"]
[Source "ChessBase"]
[SourceDate "1996.11.15"]

1. d4 Nf6 2. Nf3 d5 3. c4 e6 4. g3 Bb4+ 5. Bd2 Be7 6. Bg2 O-O 7. O-O c6 8. Qc2
b6 9. b3 Bb7 10. Nc3 Nbd7 11. Rfd1 Rc8 12. e4 c5 13. exd5 exd5 14. Bf4 Re8 15.
Nxd5 Bxd5 16. cxd5 Nxd5 17. dxc5 Rxc5 18. Qd2 Nxf4 19. Qxf4 Bf6 20. Rac1 Qe7
21. Re1 Ne5 22. Re4 1/2-1/2

[Event "Plzen, FSB A"]
[Site "?"]
[Date "2003.??.??"]
[Round "3.5"]
[White "Sikora-Lerch, J."]
[Black "Volosin, L."]
[Result "0-1"]
[WhiteElo "2324"]
[BlackElo "2468"]
[PlyCount "98"]
[EventDate "2003.??.??"]
[Source "ChessBase"]
[SourceDate "1996.11.15"]

1. c4 e5 2. g3 Nf6 3. Bg2 c6 4. a3 d5 5. cxd5 cxd5 6. Nf3 Bd6 7. d4 e4 8. Ne5
O-O 9. Nc3 h6 10. Bf4 Nc6 11. b4 Qe7 12. Nxc6 bxc6 13. Qd2 Bxf4 14. gxf4 a5 15.
O-O Ng4 16. b5 e3 17. fxe3 Nxe3 18. bxc6 Nxg2 19. Kxg2 Bf5 20. Rf3 Qd6 21. Rc1
Qxc6 22. Nd1 Qd6 23. Nf2 a4 24. Rfc3 Rfe8 25. Re3 Rxe3 26. Qxe3 Rb8 27. Rc3
Qg6+ 28. Qg3 Be4+ 29. Nxe4 Qxe4+ 30. Qf3 Qxd4 31. Rd3 Qf6 32. Rxd5 Rb3 33. Rd3
Rxd3 34. exd3 Qb2+ 35. Kg3 Qxa3 36. Qa8+ Kh7 37. Qe4+ g6 38. f5 Qd6+ 39. Kf3 a3
40. fxg6+ Qxg6 41. Qc4 Qe6 42. Qc2 a2 43. d4+ Kg7 44. Qg2+ Kh8 45. Qb2 Qf5+ 46.
Ke2 Qb1 47. Qa3 Kg7 48. Qg3+ Kh7 49. Qf4 Qg6 0-1

[Event "Plzen, FSB A"]
[Site "?"]
[Date "2003.??.??"]
[Round "3.6"]
[White "Plischki, S."]
[Black "Laznicka, V."]
[Result "0-1"]
[WhiteElo "2310"]
[BlackElo "2446"]
[PlyCount "90"]
[EventDate "2003.??.??"]
[Source "ChessBase"]
[SourceDate "1996.11.15"]

1. d4 e6 2. c4 Nf6 3. Nc3 Bb4 4. Qc2 c5 5. dxc5 O-O 6. a3 Bxc5 7. Nf3 b6 8. Bf4
Bb7 9. Rd1 Nc6 10. e3 Nh5 11. Bg3 Be7 12. Be2 h6 13. Rd2 Rc8 14. Qd1 Nxg3 15.
hxg3 Nb8 16. g4 a6 17. Qb1 Nc6 18. Ne4 Na5 19. Rd4 Nb3 20. Rd1 Nc5 21. Nxc5
Rxc5 22. b4 Rc7 23. Rh5 Re8 24. Kf1 Qa8 25. g5 Be4 26. Bd3 Bxf3 27. gxf3 Bxg5
28. f4 Bf6 29. Ke2 Rec8 30. Rhh1 Qc6 31. Qb3 Kf8 32. f3 Ra7 33. Rc1 d6 34. f5
a5 35. fxe6 fxe6 36. Be4 Qd7 37. Rhd1 axb4 38. axb4 Ke7 39. Rc2 b5 40. c5 d5
41. Bd3 Rca8 42. c6 Qc7 43. Bxb5 Ra3 44. Qb1 Qh2+ 45. Kf1 Qh1+ 0-1

[Event "Plzen, FSB A"]
[Site "?"]
[Date "2003.??.??"]
[Round "3.7"]
[White "Neuman, P."]
[Black "Folk, P."]
[Result "1/2-1/2"]
[WhiteElo "2438"]
[BlackElo "2284"]
[PlyCount "53"]
[EventDate "2003.??.??"]
[Source "ChessBase"]
[SourceDate "1996.11.15"]

1. d4 Nf6 2. c4 c5 3. d5 b5 4. cxb5 a6 5. f3 axb5 6. e4 Qa5+ 7. b4 cxb4 8. Nd2
b3 9. Qxb3 e6 10. Bxb5 Ba6 11. Rb1 exd5 12. e5 Ng8 13. Qxd5 Bxb5 14. Rxb5 Qa4
15. Ne2 Ne7 16. Qb3 Qxb3 17. Rxb3 Nbc6 18. Ne4 Nf5 19. Bb2 Rxa2 20. g4 Bb4+ 21.
Kf2 Nfe7 22. Rd1 O-O 23. Rxd7 Rb8 24. Bc3 Ng6 25. Rc7 Ngxe5 26. Bxe5 Nxe5 27.
Ke3 1/2-1/2

[Event "Plzen, FSB A"]
[Site "?"]
[Date "2003.??.??"]
[Round "3.8"]
[White "Rehorek, M."]
[Black "Vokac, M."]
[Result "0-1"]
[WhiteElo "2254"]
[BlackElo "2490"]
[PlyCount "98"]
[EventDate "2003.??.??"]
[Source "ChessBase"]
[SourceDate "1996.11.15"]

1. Nf3 c5 2. c4 Nc6 3. g3 e5 4. Nc3 d6 5. Bg2 g6 6. O-O Bg7 7. d3 f5 8. Rb1 Nf6
9. a3 a5 10. Bg5 Qd7 11. Bxf6 Bxf6 12. Nd5 Bd8 13. Nd2 a4 14. f4 O-O 15. Rc1
Qg7 16. Nb1 Nd4 17. Nbc3 Bd7 18. e3 Ne6 19. Rc2 Bc6 20. Rcf2 Kh8 21. Kh1 exf4
22. gxf4 Bh4 23. Rd2 Qh6 24. Ne2 Rae8 25. Rf3 g5 26. Rh3 g4 27. Rxh4 Qxh4 28.
Ng3 Ng7 29. Qe1 Nh5 30. Re2 Nxg3+ 31. Qxg3 Qxg3 32. hxg3 Kg7 33. Kg1 h5 34. Kf2
Rh8 35. e4 Bxd5 36. cxd5 Kf6 37. Rc2 b6 38. Rc3 h4 39. gxh4 g3+ 40. Kf3 Rxh4
41. b3 Rg8 42. bxa4 Rgg4 43. exf5 Rxf4+ 44. Kxg3 Rhg4+ 45. Kh3 Rh4+ 46. Kg3
Rfg4+ 47. Kf3 Kxf5 48. Rb3 Rg7 49. Rb2 Rf4+ 0-1

[Event "Plzen, FSB A"]
[Site "?"]
[Date "2003.??.??"]
[Round "3.9"]
[White "Jansa, V."]
[Black "Priborsky, J."]
[Result "1-0"]
[WhiteElo "2470"]
[BlackElo "2181"]
[PlyCount "77"]
[EventDate "2003.??.??"]
[Source "ChessBase"]
[SourceDate "1996.11.15"]

1. Nf3 Nf6 2. g3 g6 3. b3 Bg7 4. Bb2 O-O 5. Bg2 d6 6. d4 e5 7. dxe5 Ng4 8. h3
Nxe5 9. Nxe5 dxe5 10. Qxd8 Rxd8 11. Nd2 c6 12. O-O-O Be6 13. Nc4 Rxd1+ 14. Rxd1
Nd7 15. Nd6 Rb8 16. g4 f5 17. gxf5 gxf5 18. h4 f4 19. Be4 Nc5 20. Rg1 Kh8 21.
Bf5 Bxf5 22. Nxf5 Bf6 23. Nd6 Rf8 24. b4 Na6 25. a3 b6 26. h5 h6 27. Rg6 Bg7
28. Ne4 Nb8 29. Re6 Kh7 30. Re7 Rf5 31. Rxa7 b5 32. Rb7 Na6 33. f3 Kg8 34. Ra7
Nb8 35. Nd6 Rf8 36. c4 Rd8 37. Nf5 Nd7 38. Ne7+ Kf8 39. Nxc6 1-0

[Event "Plzen, FSB A"]
[Site "?"]
[Date "2003.??.??"]
[Round "3.12"]
[White "Londyn, R."]
[Black "Lechtynsky, J."]
[Result "0-1"]
[WhiteElo "2152"]
[BlackElo "2431"]
[PlyCount "134"]
[EventDate "2003.??.??"]
[Source "ChessBase"]
[SourceDate "1996.11.15"]

1. c4 e6 2. g3 d5 3. Bg2 Nf6 4. Nf3 dxc4 5. Qa4+ Bd7 6. Qxc4 Nc6 7. Qc2 Na5 8.
O-O c5 9. Rd1 Rc8 10. Nc3 Nc6 11. d4 Nxd4 12. Nxd4 cxd4 13. Rxd4 Bc5 14. Rh4
Qb6 15. Bg5 Bxf2+ 16. Kh1 Be3 17. Bxe3 Qxe3 18. Bxb7 Rc7 19. Bg2 O-O 20. Rf1 h6
21. Qb3 Rfc8 22. Rb4 Bc6 23. Bxc6 Rxc6 24. Rb8 Qe5 25. Rxc8+ Rxc8 26. Kg2 Rb8
27. Qc2 h5 28. Qd2 Qc7 29. Rf3 Ng4 30. b3 Rc8 31. Qf4 Qb7 32. Qe4 Qxe4 33. Nxe4
Rc2 34. Nc3 e5 35. h3 e4 36. Nxe4 Rxe2+ 37. Nf2 Ne5 38. Rf5 f6 39. Rxh5 Rxa2
40. Rf5 Rb2 41. g4 Rxb3 42. g5 Ng6 43. Ra5 Nf4+ 44. Kh2 Rf3 45. gxf6 Rxf2+ 46.
Kg3 Rf1 47. fxg7 Ne2+ 48. Kg4 Rf7 49. h4 Kxg7 50. h5 Nd4 51. Ra6 Rc7 52. Kf4
Re7 53. h6+ Kh7 54. Rd6 Rf7+ 55. Ke5 Nf5 56. Rd8 Kxh6 57. Ra8 Kg6 58. Kd5 Rc7
59. Rf8 Kg5 60. Rg8+ Kf4 61. Rf8 Rc1 62. Rf7 a5 63. Ra7 Ne3+ 64. Kd6 Ke4 65.
Kd7 Rc5 66. Kd6 Kd4 67. Rf7 Nc4+ 0-1

[Event "Plzen, FSB A"]
[Site "?"]
[Date "2003.??.??"]
[Round "3.13"]
[White "Bernasek, J."]
[Black "Vagner, T."]
[Result "1-0"]
[WhiteElo "2402"]
[BlackElo "2161"]
[PlyCount "109"]
[EventDate "2003.??.??"]
[Source "ChessBase"]
[SourceDate "1996.11.15"]

1. d4 Nf6 2. c4 c5 3. d5 b5 4. cxb5 a6 5. bxa6 Bxa6 6. Nc3 g6 7. Nf3 d6 8. e4
Bxf1 9. Kxf1 Nbd7 10. g3 Bg7 11. Kg2 O-O 12. h3 Qa5 13. Re1 Rfb8 14. e5 dxe5
15. Nxe5 Nxe5 16. Rxe5 Ra7 17. d6 e6 18. Re2 Rd7 19. Be3 Qa8+ 20. Kh2 Qc6 21.
Rd2 Ne8 22. Qa4 Rxd6 23. Qxc6 Rxc6 24. Na4 c4 25. Rad1 Bf6 26. Rc2 Nc7 27. Bd4
Rd8 28. Rcd2 Bxd4 29. Rxd4 Rxd4 30. Rxd4 Nd5 31. a3 c3 32. bxc3 Nxc3 33. Nb2
Kg7 34. Rc4 Rb6 35. Nd3 Rb3 36. Ne5 Nd5 37. Ra4 Rb2 38. Kg1 Re2 39. Nf3 Kf6 40.
Ra7 Nc3 41. Nd4 Rd2 42. Nb3 Ra2 43. Nc5 Nb5 44. Rb7 Nd6 45. Rd7 Rc2 46. Rc7 Ra2
47. a4 Ke5 48. Rd7 Ra1+ 49. Kg2 Rd1 50. Nb7 Rd4 51. f4+ Ke4 52. Rxd6 Rb4 53.
Nc5+ Ke3 54. Rd3+ Ke2 55. Ra3 1-0